| 000 | 01286nmc a2200409 a 4500 | ||
|---|---|---|---|
| 003 | AR-BaBNM | ||
| 005 | 20251128204738.0 | ||
| 008 | 125119s1992 ||||||||||||||000 | spa|| | ||
| 020 | _a84-341-0775-9 | ||
| 040 | _cAR-BaBNM | ||
| 110 | 1 |
_aEspaña _bMinisterio de Agricultura, Pesca y Alimentación |
|
| 245 | 1 | 0 | _aAnálisis jurídico de la mujer en la agricultura |
| 260 |
_aMadrid _bI.R.Y.D.A. _c1992 |
||
| 300 | 0 | _a106 p. | |
| 490 | 0 |
_aSituación socioprofesional de la mujer en la agricultura _vv. 4 |
|
| 500 | 0 | _aContiene ficha técnica de estudio en pág. 13-15 | |
| 610 | 2 | 4 | _aOrganización Internacional del Trabajo |
| 610 | 2 | 4 | _aNaciones Unidas |
| 650 | 4 | _aEMPLEO DE LAS MUJERES | |
| 650 | 4 | _aMERCADO DE TRABAJO | |
| 650 | 4 | _aEXPLOTACION | |
| 650 | 4 | _aDERECHOS DE LA MUJER | |
| 650 | 4 | _aEMPLEO DE LAS MUJERES | |
| 650 | 4 | _aDERECHO LABORAL | |
| 650 | 4 | _aDERECHO INTERNACIONAL | |
| 650 | 4 | _aMATRIMONIO | |
| 650 | 4 | _aPOLITICA AGRARIA | |
| 650 | 4 | _aECONOMIA AGRARIA | |
| 651 | 4 | _aEspaña | |
| 700 | 1 |
_aVicente-Mazariegos Eiriz, Josetxu _ecolaborador |
|
| 700 | 1 | _aPorto Vazquez, Fernando | |
| 700 | 1 | _aCamarero Rioja, Luis | |
| 700 | 1 | _aChico De Guzmán, Mercedes | |
| 700 | 1 | _aSampedro Gallego, María Rosario | |
| 942 | _cBK | ||
| 998 | _cGLORIA | ||
| 999 |
_c8657 _d8657 |
||